| 000 | 00673nam a2200217 a 4500 | ||
|---|---|---|---|
| 005 | 20240910063816.0 | ||
| 008 | 051108s2004 mx r 000 0 spa d | ||
| 020 | _a9685610185 | ||
| 035 | _aUPN01000140995 | ||
| 049 | _aCG | ||
| 050 | 4 |
_aBF175 _bP7.6 |
|
| 245 | 0 | 0 |
_aPsicoanálisis y posmodernidad / _ccomp. Juan Vives R. |
| 260 |
_aMéxico : _bETM : _bAsociación Psicoanálitica Mexicana, _c2004. |
||
| 300 | _ax, 145 p. | ||
| 534 |
_pTraducción de : _tPsychoanalysis and postmodernity |
||
| 650 | 4 |
_aPsicoanálisis _91572 |
|
| 650 | 2 |
_aPostmodernismo _95929 |
|
| 650 | 4 |
_aPSICOANALISIS Y CULTURA _95931 |
|
| 700 | 1 |
_aVives Rocabert, Juan, _ecomp. |
|
| 905 | _aLibro | ||
| 999 |
_c113143 _d113143 |
||